[Event "Banska Stiavnica V4 op"]
[Site "Banska Stiavnica"]
[Date "2018.07.13"]
[Round "7"]
[White "Posa, Norbert"]
[Black "Liska, Jaroslav"]
[Result "1-0"]
[WhiteElo "2036"]
[BlackElo "1900"]
[PlyCount "141"]
[EventDate "2018.07.07"]
[EventType "swiss"]
[EventRounds "9"]
[EventCountry "SVK"]
[SourceTitle "CBM 185 Extra"]
[Source "ChessBase"]
[SourceDate "2018.07.29"]
[SourceVersion "1"]
[SourceVersionDate "2018.07.29"]
[SourceQuality "1"]

1. d4 d5 2. Bf4 Nf6 3. e3 Bf5 4. Nf3 h6 5. Bd3 Bxd3 6. Qxd3 c6 7. 0-0 e6 8. h3 Be7 9. Nbd2 Nbd7 10. c4 dxc4 11. Nxc4 Nb6 12. Rfd1 Nxc4 13. Qxc4 0-0 14. Rab1 Nd5 15. Bh2 Bd6 16. Ne5 Bxe5 17. Bxe5 Qe7 18. Qb3 Qd7 19. e4 Ne7 20. Qg3 Ng6 21. Rd3 Nxe5 22. Qxe5 f6 23. Qh5 Qf7 24. Qe2 Rad8 25. Rbd1 Rd7 26. a3 Rfd8 27. b4 a6 28. f4 f5 29. e5 Kh7 30. Qe3 g6 31. g4 Qe7 32. Kh2 fxg4 33. Rg1 gxh3 34. Qe4 Qf7 35. Kxh3 Qf5+ 36. Qxf5 gxf5 37. Rgd1 Rg8 38. Rg3 Rdg7 39. Rdg1 Rxg3+ 40. Rxg3 Rd8 41. Rd3 b6 42. Rc3 Rxd4 43. Rxc6 Rxf4 44. Kg3 Rg4+ 45. Kf3 a5 46. Rxb6 axb4 47. Rxb4 Rg7 48. a4 Re7 49. Rb6 Kg7 50. a5 Rd7 51. Rxe6 Rd5 52. a6 Rd4 53. a7 Ra4 54. Re7+ Kg6 55. Rb7 Ra3+ 56. Ke2 Ra2+ 57. Ke3 Ra3+ 58. Kd4 Ra4+ 59. Kc3 Ra3+ 60. Kb2 Ra6 61. e6 h5 62. e7 Kf7 63. e8Q+ Kxe8 64. Rb8+ Kf7 65. a8Q Rxa8 66. Rxa8 Kg6 67. Rg8+ Kf6 68. Kc2 h4 69. Kd2 f4 70. Ke2 Kf5 71. Kf3 1-0

[Event "Banska Stiavnica V4 op"]
[Site "Banska Stiavnica"]
[Date "2018.07.11"]
[Round "5"]
[White "Posa, Norbert"]
[Black "Molnar, Erno"]
[Result "0-1"]
[WhiteElo "2036"]
[BlackElo "2231"]
[PlyCount "70"]
[EventDate "2018.07.07"]
[EventType "swiss"]
[EventRounds "9"]
[EventCountry "SVK"]
[SourceTitle "CBM 185 Extra"]
[Source "ChessBase"]
[SourceDate "2018.07.29"]
[SourceVersion "1"]
[SourceVersionDate "2018.07.29"]
[SourceQuality "1"]

1. d4 Nf6 2. Bf4 g6 3. Nc3 d5 4. Qd2 c6 5. f3 b5 6. a3 Bg7 7. e4 dxe4 8. fxe4 0-0 9. Nf3 a5 10. Be2 Na6 11. e5 Nd5 12. Bh6 Nac7 13. Bxg7 Kxg7 14. 0-0 f5 15. Nxd5 Nxd5 16. c4 bxc4 17. Bxc4 Be6 18. Ng5 Bg8 19. Rac1 Qb6 20. Rf3 h6 21. Nh3 Rfd8 22. Rd3 a4 23. Kh1 Rab8 24. Rc2 Rd7 25. Ng1 Rdb7 26. Nf3 Qd8 27. h4 f4 28. Bxd5 Bxd5 29. Qxf4 Rxb2 30. Rxb2 Rxb2 31. h5 Qf8 32. Qxf8+ Kxf8 33. hxg6 Rb3 34. Ne1 Be4 35. Rh3 Rxh3+ 0-1

[Event "HUN-chT2 Breyer 1415"]
[Site "Hungary"]
[Date "2014.09.07"]
[Round "1.9"]
[White "Posa, Norbert"]
[Black "Molnar, Laszlo"]
[Result "0-1"]
[WhiteElo "2051"]
[BlackElo "2071"]
[PlyCount "64"]
[EventDate "2014.09.07"]
[EventType "team-tourn"]
[EventRounds "11"]
[EventCountry "HUN"]
[SourceTitle "EXT 2016"]
[Source "ChessBase"]
[SourceDate "2015.10.08"]
[SourceVersion "1"]
[SourceVersionDate "2015.10.08"]
[SourceQuality "1"]
[WhiteTeam "Hobagoly"]
[BlackTeam "Geniusz Tata"]
[WhiteTeamCountry "HUN"]
[BlackTeamCountry "HUN"]

1. d4 Nf6 2. Nf3 g6 3. c4 Bg7 4. Nc3 d6 5. e4 0-0 6. Be2 e5 7. 0-0 Nc6 8. d5 Ne7 9. Bg5 h6 10. Be3 Ng4 11. Bd2 f5 12. h3 Nf6 13. exf5 gxf5 14. Nh4 c6 15. dxc6 bxc6 16. Qc1 Kh7 17. Qc2 d5 18. cxd5 cxd5 19. Nb5 a6 20. Nc7 Ra7 21. Ba5 Qd6 22. Rac1 Nd7 23. Rfd1 e4 24. Nxd5 Nxd5 25. Nxf5 Rxf5 26. Qxc8 Qf4 27. Be1 e3 28. f3 Be5 29. g3 Rg5 30. Kf1 Rxg3 31. Qc2+ Kg7 32. Qe4 Rg1+ 0-1

[Event "Budapest-chT1 Lilienthal 1314"]
[Site "Budapest"]
[Date "2013.11.10"]
[Round "3"]
[White "Yip, Michael"]
[Black "Posa, Norbert"]
[Result "1-0"]
[WhiteElo "1993"]
[BlackElo "2060"]
[PlyCount "89"]
[EventDate "2013.09.29"]
[EventType "team-tourn"]
[EventRounds "11"]
[EventCountry "HUN"]
[SourceTitle "EXT 2021"]
[Source "ChessBase"]
[SourceDate "2020.10.23"]
[SourceVersion "1"]
[SourceVersionDate "2020.10.23"]
[SourceQuality "1"]
[WhiteTeam "Rakosliget"]
[BlackTeam "Fabulon"]
[WhiteTeamCountry "HUN"]
[BlackTeamCountry "HUN"]

1. d4 Nf6 2. c4 e6 3. Nc3 d5 4. cxd5 exd5 5. Bg5 c6 6. e3 Bf5 7. Qf3 Qd7 8. Bxf6 gxf6 9. Nge2 Be7 10. h3 Na6 11. Ng3 Bg6 12. Bxa6 bxa6 13. 0-0 f5 14. Nge2 0-0 15. Nf4 Bd6 16. Nce2 f6 17. Rac1 Rac8 18. Rfd1 Be8 19. Rc2 Kh8 20. Rdc1 Qf7 21. Nd3 Bd7 22. Nef4 Rg8 23. g3 Rg5 24. Kf1 Rb8 25. b3 Ba3 26. Rd1 Rb5 27. Qe2 Rg8 28. Nc5 Bxc5 29. Rxc5 Rgb8 30. Rdc1 a5 31. h4 Be8 32. Qc2 Rxc5 33. Qxc5 Rb5 34. Qd6 Bd7 35. Kg2 Rb7 36. Nd3 Be8 37. Qf4 Qh5 38. Qf3 Qg4 39. Rc5 a4 40. b4 Qxf3+ 41. Kxf3 Bh5+ 42. Kg2 Be2 43. Nf4 Bb5 44. a3 Re7 45. Nxd5 1-0

[Event "Budapest FS05 FM-A"]
[Site "Budapest"]
[Date "2013.05.10"]
[Round "7"]
[White "Haitbaev, Hayrulla"]
[Black "Posa, Norbert"]
[Result "1-0"]
[WhiteElo "2082"]
[BlackElo "2100"]
[PlyCount "62"]
[EventDate "2013.05.04"]
[EventType "tourn"]
[EventRounds "11"]
[EventCountry "HUN"]
[SourceTitle "CBM 154 Extra"]
[Source "ChessBase"]
[SourceDate "2013.06.25"]
[SourceVersion "2"]
[SourceVersionDate "2013.06.25"]
[SourceQuality "1"]

1. e4 c6 2. d4 d5 3. e5 Bf5 4. g4 Bg6 5. h4 h5 6. e6 fxe6 7. Bd3 Bxd3 8. Qxd3 hxg4 9. Qg6+ Kd7 10. Qxg4 Nf6 11. Qh3 c5 12. Nf3 Nc6 13. dxc5 Qa5+ 14. Bd2 Qxc5 15. Nc3 d4 16. 0-0-0 Qf5 17. Qxf5 exf5 18. Nxd4 Nxd4 19. Bf4 g6 20. Rxd4+ Ke8 21. Rc4 Bh6 22. Bxh6 Rxh6 23. Re1 Rd8 24. Nb5 a6 25. Nc7+ Kf7 26. Ne6 Rd7 27. Ng5+ Kg7 28. Rc8 Rxh4 29. Ne6+ Kh6 30. Rh8+ Nh7 31. Rxh7+ Kxh7 1-0

[Event "Budapest FS05 FM-A"]
[Site "Budapest"]
[Date "2013.05.09"]
[Round "6"]
[White "Posa, Norbert"]
[Black "Krstulovic, Alex"]
[Result "1-0"]
[WhiteElo "2100"]
[BlackElo "1945"]
[PlyCount "123"]
[EventDate "2013.05.04"]
[EventType "tourn"]
[EventRounds "11"]
[EventCountry "HUN"]
[SourceTitle "CBM 154 Extra"]
[Source "ChessBase"]
[SourceDate "2013.06.25"]
[SourceVersion "2"]
[SourceVersionDate "2013.06.25"]
[SourceQuality "1"]

1. d4 Nf6 2. Nf3 d5 3. Bf4 c5 4. c3 Nc6 5. e3 Qb6 6. Qb3 c4 7. Qxb6 axb6 8. h3 b5 9. a3 b4 10. Ne5 Bf5 11. Nxc6 bxc6 12. cxb4 e6 13. f3 Bxb4+ 14. Nc3 Bxc3+ 15. bxc3 Ra4 16. Bd6 Kd7 17. Bb4 Rha8 18. g4 Bc2 19. Kd2 Bb3 20. g5 Ne8 21. e4 Nd6 22. exd5 cxd5 23. Kc1 Rxb4 24. cxb4 Nb5 25. Rh2 Nxd4 26. f4 Nf5 27. Rd2 Nd6 28. Kb2 Rc8 29. Rc1 Ba4 30. f5 Ne4 31. fxe6+ fxe6 32. Rd4 c3+ 33. Ka2 c2 34. b5 Nc3+ 35. Kb2 e5 36. Rb4 d4 37. Bd3 Rb8 38. Bxc2 Bxc2 39. Rxc2 Rxb5 40. Rxb5 Nxb5 41. Rc5 Nd6 42. Kc2 Nf7 43. h4 Kd6 44. Rc8 e4 45. a4 Ne5 46. a5 Nc6 47. Ra8 Kc5 48. a6 Kb6 49. a7 Kb7 50. Rg8 Kxa7 51. Rxg7+ Kb6 52. Rxh7 Ne5 53. g6 e3 54. g7 d3+ 55. Kb2 Nc4+ 56. Ka2 d2 57. g8Q d1Q 58. Qxc4 Qd2+ 59. Ka3 Qd6+ 60. Ka4 Qe5 61. Rh6+ Ka7 62. Ra6+ 1-0

[Event "Budapest-chT1 Lilienthal 1213"]
[Site "Budapest"]
[Date "2013.05.05"]
[Round "11"]
[White "Posa, Norbert"]
[Black "Suhajda, Attila"]
[Result "0-1"]
[WhiteElo "2119"]
[BlackElo "1944"]
[PlyCount "86"]
[EventDate "2012.09.30"]
[EventType "team-tourn"]
[EventRounds "11"]
[EventCountry "HUN"]
[SourceTitle "EXT 2019"]
[Source "ChessBase"]
[SourceDate "2018.10.10"]
[SourceVersion "1"]
[SourceVersionDate "2018.10.10"]
[SourceQuality "1"]
[WhiteTeam "Fabulon"]
[BlackTeam "Sarkany II"]
[WhiteTeamCountry "HUN"]
[BlackTeamCountry "HUN"]

1. d4 d5 2. Nf3 c5 3. c3 Nc6 4. dxc5 a5 5. Bf4 e6 6. e3 Bxc5 7. Bb5 Bd7 8. 0-0 Nf6 9. h3 h6 10. Qe2 0-0 11. Nbd2 Re8 12. Rad1 e5 13. Bh2 e4 14. Nd4 Qb6 15. N2b3 Bxd4 16. Bxc6 Bxc6 17. Nxd4 Bd7 18. Qc2 a4 19. a3 Rec8 20. Qe2 Ra5 21. Rd2 Qa6 22. Qd1 Qc4 23. Be5 Ra6 24. Bxf6 Rxf6 25. Ne2 Bc6 26. Rd4 Qb5 27. Rb4 Qc5 28. Nd4 b5 29. Qg4 Re8 30. Rd1 Rg6 31. Qe2 Bd7 32. Kh1 Qe7 33. Qf1 Qh4 34. Ne2 Rf6 35. Nf4 Re5 36. g3 Qg5 37. Rbd4 Bc6 38. R1d2 Qf5 39. g4 Qg5 40. Qd1 Qh4 41. Qf1 g5 42. Nh5 Rf3 43. Ng3 Qxg3 0-1

[Event "Budapest-chT1 Lilienthal 1213"]
[Site "Budapest"]
[Date "2013.02.03"]
[Round "7"]
[White "Posa, Norbert"]
[Black "Bodrogi, Mihaly"]
[Result "0-1"]
[WhiteElo "2119"]
[BlackElo "2063"]
[PlyCount "76"]
[EventDate "2012.09.30"]
[EventType "team-tourn"]
[EventRounds "11"]
[EventCountry "HUN"]
[SourceTitle "EXT 2019"]
[Source "ChessBase"]
[SourceDate "2018.10.10"]
[SourceVersion "1"]
[SourceVersionDate "2018.10.10"]
[SourceQuality "1"]
[WhiteTeam "Fabulon"]
[BlackTeam "Budapest EAC"]
[WhiteTeamCountry "HUN"]
[BlackTeamCountry "HUN"]

1. d4 c5 2. c3 Qa5 3. Nd2 cxd4 4. Nb3 Qb6 5. Qxd4 Qxd4 6. cxd4 Nf6 7. Bg5 e6 8. Bxf6 Bb4+ 9. Nd2 gxf6 10. a3 Bxd2+ 11. Kxd2 d5 12. e3 Bd7 13. Bd3 Nc6 14. b4 Ke7 15. Ne2 h6 16. Nc3 Rhc8 17. Rhc1 f5 18. g3 f6 19. Ra2 Nd8 20. Rac2 Nf7 21. Bxf5 Rxc3 22. Rxc3 exf5 23. Ke2 Nd6 24. Rc7 Rb8 25. R7c3 Nc4 26. Kf3 b5 27. Kf4 Kd6 28. f3 Rg8 29. h3 h5 30. Rg1 Ra8 31. g4 hxg4 32. hxg4 fxg4 33. fxg4 a5 34. g5 fxg5+ 35. Rxg5 Rf8+ 36. Kg3 a4 37. Rg6+ Be6 38. Rg5 Nd2 0-1

[Event "Budapest-chT1 Lilienthal 1213"]
[Site "Budapest"]
[Date "2013.01.20"]
[Round "6"]
[White "Posa, Norbert"]
[Black "Laza, Szabolcs"]
[Result "1-0"]
[WhiteElo "2119"]
[BlackElo "2005"]
[PlyCount "55"]
[EventDate "2012.09.30"]
[EventType "team-tourn"]
[EventRounds "11"]
[EventCountry "HUN"]
[SourceTitle "EXT 2019"]
[Source "ChessBase"]
[SourceDate "2018.10.10"]
[SourceVersion "1"]
[SourceVersionDate "2018.10.10"]
[SourceQuality "1"]
[WhiteTeam "Fabulon"]
[BlackTeam "Budapest RAC"]
[WhiteTeamCountry "HUN"]
[BlackTeamCountry "HUN"]

1. d4 d5 2. Nf3 Nf6 3. Bf4 e6 4. e3 Nbd7 5. Bd3 c5 6. c3 Be7 7. Nbd2 0-0 8. h3 a6 9. a4 b6 10. 0-0 Bb7 11. Ne5 Nxe5 12. dxe5 Ne4 13. Bxe4 dxe4 14. Nc4 Bd5 15. Qe2 Bxc4 16. Qxc4 Qd5 17. Qe2 Rfd8 18. Qg4 Qd2 19. Bh6 Bf8 20. Bg5 Rdb8 21. Rad1 Qxb2 22. Rd7 Qxc3 23. Qf4 Kh8 24. Rxf7 b5 25. Rd1 bxa4 26. Rd8 Rxd8 27. Bxd8 Rxd8 28. Rxf8+ 1-0

[Event "HUN-chT2 Maroczy 1112"]
[Site "Hungary"]
[Date "2011.10.30"]
[Round "2"]
[White "Posa, Norbert"]
[Black "Balogh, David"]
[Result "0-1"]
[WhiteElo "2128"]
[BlackElo "2025"]
[PlyCount "58"]
[EventDate "2011.09.25"]
[EventType "team-tourn"]
[EventRounds "11"]
[EventCountry "HUN"]
[SourceTitle "EXT 2013"]
[Source "ChessBase"]
[SourceDate "2012.11.22"]
[SourceVersion "1"]
[SourceVersionDate "2012.11.22"]
[SourceQuality "1"]
[WhiteTeam "Lila Futo"]
[BlackTeam "Kisujszallas"]
[WhiteTeamCountry "HUN"]
[BlackTeamCountry "HUN"]

1. d4 Nf6 2. Bf4 e6 3. e3 c5 4. c3 b6 5. Nf3 Bb7 6. Nbd2 Be7 7. h3 0-0 8. Bd3 d6 9. 0-0 Nbd7 10. e4 cxd4 11. cxd4 h6 12. Qe2 Re8 13. e5 dxe5 14. dxe5 Nc5 15. Bb5 Nd5 16. Bxe8 Nxf4 17. Qc4 Nxh3+ 18. gxh3 Qxe8 19. Qg4 Qc6 20. Kh2 Nd3 21. b3 Bc5 22. Rg1 g6 23. Qh5 Kg7 24. Qh4 Rf8 25. Qf6+ Kh7 26. Nh4 Qc7 27. Rxg6 Qxe5+ 28. Qxe5 Nxe5 29. Rgg1 Bxf2 0-1

[Event "HUN-chT2 Maroczy 1011"]
[Site "Hungary"]
[Date "2011.03.27"]
[Round "7"]
[White "Posa, Norbert"]
[Black "Olah, Gabor Mihaly"]
[Result "0-1"]
[WhiteElo "2144"]
[BlackElo "2002"]
[PlyCount "102"]
[EventDate "2010.09.12"]
[EventType "team-tourn"]
[EventRounds "11"]
[EventCountry "HUN"]
[SourceTitle "EXT 2012"]
[Source "ChessBase"]
[SourceDate "2011.11.24"]
[SourceVersion "1"]
[SourceVersionDate "2011.11.24"]
[SourceQuality "1"]
[WhiteTeam "Lila Futo"]
[BlackTeam "Oroshaza"]
[WhiteTeamCountry "HUN"]
[BlackTeamCountry "HUN"]

1. d4 d5 2. Nf3 Nf6 3. Bf4 c6 4. e3 Bg4 5. Nbd2 e6 6. h3 Bxf3 7. Nxf3 Bd6 8. Ne5 Qc7 9. Bd3 Nbd7 10. Nxd7 Nxd7 11. Bxd6 Qxd6 12. 0-0 f5 13. c4 0-0 14. c5 Qe7 15. b4 e5 16. dxe5 Nxe5 17. Be2 h6 18. Qd4 Nd7 19. Bd3 Qe5 20. Qxe5 Nxe5 21. Bc2 g6 22. Rab1 a6 23. Rfd1 Kg7 24. a4 Nd7 25. a5 Ne5 26. g3 Rae8 27. Kg2 Kf6 28. Rd4 h5 29. Re1 Re7 30. f3 Rfe8 31. e4 Nc4 32. Bb3 Na3 33. Ba4 fxe4 34. Re3 Nb5 35. Bxb5 axb5 36. f4 g5 37. fxg5+ Kxg5 38. Rd1 Rf7 39. Ra1 Ref8 40. Re2 Rf3 41. a6 bxa6 42. Rxa6 R8f6 43. Ra8 e3 44. h4+ Kg6 45. Re8 Rf2+ 46. Rxf2 Rxf2+ 47. Kg1 d4 48. Re6+ Kf5 49. Rxc6 Rd2 50. Rd6 Ke4 51. g4 Kf3 0-1

[Event "Budapest-chT1 Lilienthal 1011"]
[Site "Budapest"]
[Date "2010.11.14"]
[Round "4"]
[White "Posa, Norbert"]
[Black "Smaraglay, Botond"]
[Result "0-1"]
[WhiteElo "2144"]
[BlackElo "2047"]
[PlyCount "66"]
[EventDate "2010.09.19"]
[EventType "team-tourn"]
[EventRounds "11"]
[EventCountry "HUN"]
[SourceTitle "EXT 2020"]
[Source "ChessBase"]
[SourceDate "2019.10.17"]
[SourceVersion "1"]
[SourceVersionDate "2019.10.17"]
[SourceQuality "1"]
[WhiteTeam "Fabulon"]
[BlackTeam "Budapest HUSI II"]
[WhiteTeamCountry "HUN"]
[BlackTeamCountry "HUN"]

1. d4 Nf6 2. Nf3 d6 3. Bf4 Bf5 4. h3 h6 5. e3 g5 6. Bh2 Bg7 7. Bd3 Bg6 8. Bxg6 fxg6 9. Qd3 0-0 10. Qxg6 Nbd7 11. 0-0 c5 12. Nc3 c4 13. e4 Rf7 14. e5 Nf8 15. Qxf7+ Kxf7 16. exf6 Bxf6 17. Nd5 Ne6 18. Nxf6 Kxf6 19. d5 Nc7 20. Rad1 Qg8 21. Nd2 Qxd5 22. f4 Kg6 23. fxg5 hxg5 24. Kh1 e5 25. Rfe1 Ne8 26. b3 cxb3 27. axb3 b5 28. Nc4 Qe6 29. Nxd6 Nxd6 30. Rxe5 Qf6 31. Rxd6 Qxd6 32. Rxg5+ Kxg5 33. Bxd6 a5 0-1

[Event "Budapest-chT1 Lilienthal 1011"]
[Site "Budapest"]
[Date "2010.09.19"]
[Round "1"]
[White "Posa, Norbert"]
[Black "Juhasz, Armin"]
[Result "1/2-1/2"]
[WhiteElo "2144"]
[BlackElo "1977"]
[PlyCount "34"]
[EventDate "2010.09.19"]
[EventType "team-tourn"]
[EventRounds "11"]
[EventCountry "HUN"]
[SourceTitle "EXT 2020"]
[Source "ChessBase"]
[SourceDate "2019.10.17"]
[SourceVersion "1"]
[SourceVersionDate "2019.10.17"]
[SourceQuality "1"]
[WhiteTeam "Fabulon"]
[BlackTeam "Budapest Vasas II"]
[WhiteTeamCountry "HUN"]
[BlackTeamCountry "HUN"]

1. c4 c5 2. Nf3 g6 3. g3 Bg7 4. Bg2 Nc6 5. Nc3 e6 6. 0-0 Nge7 7. d3 0-0 8. Bg5 h6 9. Bxe7 Qxe7 10. e3 Rd8 11. a3 d5 12. Qe2 dxc4 13. dxc4 Bxc3 14. bxc3 e5 15. Nd2 Be6 16. Bxc6 bxc6 17. e4 Rab8 1/2-1/2

[Event "HUN-chT2 Erkel 0405"]
[Site "Hungary"]
[Date "2004.12.05"]
[Round "4"]
[White "Posa, Norbert"]
[Black "Somogyi, Istvan"]
[Result "0-1"]
[WhiteElo "2145"]
[BlackElo "2275"]
[PlyCount "114"]
[EventDate "2004.09.26"]
[EventType "team"]
[EventRounds "11"]
[EventCountry "HUN"]
[SourceTitle "EXT 2009"]
[Source "ChessBase"]
[SourceDate "2008.11.26"]
[SourceVersion "1"]
[SourceVersionDate "2008.11.26"]
[SourceQuality "1"]
[WhiteTeam "Foti"]
[BlackTeam "Statisztika II"]
[WhiteTeamCountry "HUN"]
[BlackTeamCountry "HUN"]

1. d4 Nf6 2. Nf3 e6 3. Bf4 c5 4. c3 Nc6 5. e3 Be7 6. Nbd2 d6 7. Be2 0-0 8. h3 b6 9. 0-0 Bb7 10. a4 Qd7 11. Nc4 Rfd8 12. Qb3 cxd4 13. cxd4 Rac8 14. a5 Nxa5 15. Nxa5 bxa5 16. Rxa5 Bd5 17. Qa3 Rc7 18. Bb5 Qc8 19. Rxa7 Bxf3 20. gxf3 e5 21. Bg3 Nh5 22. Rxc7 Qxc7 23. Qc3 Qb8 24. Bd3 Bf6 25. Rc1 exd4 26. exd4 Qb6 27. Kg2 g6 28. Qc7 Qxd4 29. Qc4 Qxb2 30. Rb1 Qd4 31. Rb7 Qxc4 32. Bxc4 d5 33. Bb3 Kf8 34. Kf1 Ng7 35. Rb5 d4 36. Rb7 Be7 37. Bh4 Nf5 38. Bxe7+ Nxe7 39. Ke2 h5 40. Kd3 Rd6 41. Bc4 g5 42. Ke4 d3 43. Rb1 d2 44. Rd1 Ng6 45. Ke3 Nf4 46. Rxd2 Rxd2 47. Kxd2 Nxh3 48. Ke2 Nf4+ 49. Kf1 Ke7 50. Ba6 Kd6 51. Bc4 f6 52. Ba6 Ke5 53. Kg1 h4 54. Bf1 Ne6 55. Be2 Nd4 56. Bd1 Kf4 57. Kg2 Nxf3 0-1

[Event "HUN-chT2 Maroczy 0304"]
[Site "Hungary"]
[Date "2004.03.21"]
[Round "9"]
[White "Keresztes, Richard"]
[Black "Posa, Norbert"]
[Result "1-0"]
[WhiteElo "2254"]
[BlackElo "2172"]
[PlyCount "47"]
[EventDate "2003.09.28"]
[EventType "team"]
[EventRounds "11"]
[EventCountry "HUN"]
[SourceTitle "EXT 2005"]
[Source "ChessBase"]
[SourceDate "2004.11.15"]
[SourceVersion "1"]
[SourceVersionDate "2004.11.15"]
[SourceQuality "1"]

1. d4 d5 2. c4 c6 3. Nc3 Nf6 4. Nf3 dxc4 5. a4 Bf5 6. e3 e6 7. Bxc4 Be7 8. 0-0 0-0 9. Qe2 Nbd7 10. e4 Bg4 11. Rd1 Qc7 12. Bg5 e5 13. d5 Rad8 14. Rac1 Nb6 15. dxc6 Rxd1+ 16. Nxd1 bxc6 17. Bb5 c5 18. Ne3 Be6 19. Qc2 Rd8 20. b4 c4 21. a5 Nbd7 22. Bxc4 Bxb4 23. Bxe6 Qxc2 24. Nxc2 1-0